Human resource management / (Record no. 170358)

MARC details
000 -LEADER
fixed length control field 01099nam a2200277 a 4500
001 - CONTROL NUMBER
control field vtls003021547
003 - CONTROL NUMBER IDENTIFIER
control field MY-SjTCS
005 - DATE AND TIME OF LATEST TRANSACTION
control field 20200226120754.0
008 - FIXED-LENGTH DATA ELEMENTS--GENERAL INFORMATION
fixed length control field 110218s2005 njua 001 0 eng d
020 ## - INTERNATIONAL STANDARD BOOK NUMBER
International Standard Book Number 0131273892 (International ed.)
020 ## - INTERNATIONAL STANDARD BOOK NUMBER
International Standard Book Number 0131467263 (CD-ROM)
039 #9 - LEVEL OF BIBLIOGRAPHIC CONTROL AND CODING DETAIL [OBSOLETE]
Level of rules in bibliographic description 201102181247
Level of effort used to assign nonsubject heading access points VLOAD
Level of effort used to assign subject headings 201102181246
Level of effort used to assign classification VLOAD
-- 200503281606
-- pushpa
082 04 - DEWEY DECIMAL CLASSIFICATION NUMBER
Classification number 658.3
Item number MON
100 1# - MAIN ENTRY--PERSONAL NAME
Personal name Mondy, R. Wayne,
Dates associated with a name 1940-
9 (RLIN) 19008
245 10 - TITLE STATEMENT
Title Human resource management /
Statement of responsibility, etc. R. Wayne Mondy, Robert M. Noe ; in collaboration with Judy Bandy Mondy.
250 ## - EDITION STATEMENT
Edition statement 9th ed.
260 ## - PUBLICATION, DISTRIBUTION, ETC.
Place of publication, distribution, etc. Upper Saddle River, NJ :
Name of publisher, distributor, etc. Pearson Prentice Hall,
Date of publication, distribution, etc. c2005.
300 ## - PHYSICAL DESCRIPTION
Extent xxviii, 527 p :
Other physical details ill ;
Dimensions 28 cm +
Accompanying material 1 CD-ROM (4 3/4 in.)
538 ## - SYSTEM DETAILS NOTE
System details note System requirements for accompanying disc: Windows 98 (or higher) or Mac OS 9 (or higher).
650 #0 - SUBJECT ADDED ENTRY--TOPICAL TERM
Topical term or geographic name entry element Personnel management
Geographic subdivision United States.
9 (RLIN) 12227
650 #0 - SUBJECT ADDED ENTRY--TOPICAL TERM
Topical term or geographic name entry element Personnel management.
700 1# - ADDED ENTRY--PERSONAL NAME
Personal name Noe, Robert M.
9 (RLIN) 87498
700 1# - ADDED ENTRY--PERSONAL NAME
Personal name Mondy, Judy Bandy.
9 (RLIN) 19009
700 1# - ADDED ENTRY--PERSONAL NAME
Personal name Gowan, Mary.
Title of a work Human resource management skills.
9 (RLIN) 87499
920 ## - Programme
Programme TCHT : 665288, CD146
Holdings
Withdrawn status Lost status Source of classification or shelving scheme Damaged status Not for loan Home library Current library Date acquired Total Checkouts Barcode Date last seen Date last checked out Copy number Koha item type Public note Uniform Resource Identifier
    Dewey Decimal Classification     Taylor's Library-TU Taylor's Library-TU 28/03/2005 2 1000804882 12/12/2019 27/01/2010 1 Accompanying Material (Media Resource) SHTEx,70002,03,AD  
    Dewey Decimal Classification     Taylor's Library-TU Taylor's Library-TU 28/03/2005 32 5000109959 12/12/2019 18/07/2014 1 Main Collection SHTEx,70002,03,AD Floor 4, Shelf 25 , Side 1, TierNo 1, BayNo 1